| 000 | 00693nam a2200217 i 4500 | ||
|---|---|---|---|
| 001 | 61941 | ||
| 003 | ES-MaACL | ||
| 005 | 20250831063033.0 | ||
| 007 | t| | ||
| 008 | 031114s1974 sp ||||1| spa d | ||
| 100 | 1 |
_aFebvre, Lucien, _d1878-1956 _949047 |
|
| 245 | 1 | 0 |
_aCombates por la historia / _cLucien Febvre ; traducción de Francisco J. Fernández Buey y Enrique Argullol. |
| 250 | _a[3ª ed.]. | ||
| 260 |
_aBarcelona : _bAriel, _c[1974] |
||
| 300 |
_a246 p. ; _c18 cm. |
||
| 700 | 1 |
_aFernández Buey, Francisco. _949526 |
|
| 700 | 1 |
_aArgullol, Enrique. _922729 |
|
| 852 |
_aES-MaACL _jE-5569 _bR.89963 |
||
| 852 |
_aES-MaACL _jE-5983 _bR.90164 |
||
| 999 |
_c61941 _d61941 |
||